00461nam a2200169 a 450000500170000000800410001702000180005805000240007610000190010024500540011925000120017326000390018530000210022452100090024565000210025470000160027520140310183543.0111003s19uu xx 00 eng d a9789810697570 aHF 1009.5b.K4 2010 aKeegan, Warren aGlobal marketing /cWarren Keegan and Mark Green. a5th ed. aSingapore :bPrentica Hall,c2010. a643 p. :c26 cm. aBSBA aGlobal marketing aGreen, Mark